000 00302nam a22001337a 4500
008 170920b xxu||||| |||| 00| 0 eng d
020 _a0890098794
041 _aeng
080 _a7
100 _a45
101 _aART
245 _aTECHNIQUES GREAT MASTERS OF ART
_cANFAM/D.A
942 _2udc
_cBK
999 _c28506
_d28506